Princípy voľby druhu dopravy na základe nákladov dodania Podnikanie v cestnej doprave

Otázky stanovenia nákladov, dodania tovaru, resp. voľby druhu dopravného prostriedku. Voľnosť rozhodovania jednotlivých prepravcov pri voľbe spôsobu premiestnenia, čiže voľba dopravného prostriedku je v kompetencii prepravcov. Náklady vznikajúce u prepravcu, náklady dodania. Počítanie nákladov dodan...

Full description

Saved in:
Bibliographic Details
Main Author: Gnap, Jozef
Format: Book Chapter
Language:Slovak
Subjects:
Tags: Add Tag
No Tags, Be the first to tag this record!

MARC

LEADER 00000naa a2200000 4500
001 r020228
005 20230919112408.9
041 0 |a slo 
044 |a SK 
245 1 0 |a Princípy voľby druhu dopravy na základe nákladov dodania  |b Podnikanie v cestnej doprave  |c Jozef Gnap 
520 |a Otázky stanovenia nákladov, dodania tovaru, resp. voľby druhu dopravného prostriedku. Voľnosť rozhodovania jednotlivých prepravcov pri voľbe spôsobu premiestnenia, čiže voľba dopravného prostriedku je v kompetencii prepravcov. Náklady vznikajúce u prepravcu, náklady dodania. Počítanie nákladov dodania v dvoch alternatívach. Kalkulácia nákladov na prepravu pri kombinovanej preprave. Porovnanie nákladov na kombinovanú dopravu a priamu cestnú dopravu. 
610 2 0 |a podnikanie 
610 2 0 |a preprava 
610 2 0 |a doprava kombinovaná 
610 2 0 |a doprava cestná 
610 2 0 |a doprava železničná 
610 2 0 |a doprava kontajnerová 
610 2 0 |a kalkulácia nákladov 
610 2 0 |a tovar 
610 2 0 |a dodávky 
610 2 0 |a tarify dopravné 
100 1 |a Gnap, Jozef